=LDR 00000nam 2200000 4500 =001 000207 =005 20250710104254 =035 ##$$a 0010-0725000009 =007 ta =008 250710################a##########0#ind## =020 ##$$a 978-623-472-137-9 =082 ##$$a 398.209 598 =084 ##$$a 398.209 598 MUL b =100 #$$a Mulwa, Alice =245 1#$$a Bagaimana Kodok Mendapatkan Kulitnya /$c Alice Mulwa =250 ##$$a Cetakan Pertama =260 ##$$a Jakarta Timur :$b Badan Pengembangan dan Pembinaan Bahasa,$c 2024 =300 ##$$a 20 : $b Ilus. ; $c 22,9 cm =650 #4$$a Cerita Anak Indonesia-Terjemahan-Inggris =650 #4$$a Literasi-Bahan Bacaan =856 ##$$a TBM As suhada